<?xml version="1.0" encoding="UTF-8"?><marc:collection xmlns:marc="http://www.loc.gov/MARC21/slim">
  <marc:record>
    <marc:leader>00000nam  2200000zi 4500</marc:leader>
    <marc:controlfield tag="001">9.946630</marc:controlfield>
    <marc:controlfield tag="003">CaOODSP</marc:controlfield>
    <marc:controlfield tag="005">20250115130903</marc:controlfield>
    <marc:controlfield tag="006">m     o  d f      </marc:controlfield>
    <marc:controlfield tag="007">cr |n|||||||||</marc:controlfield>
    <marc:controlfield tag="008">250108e197709##oncbd   ob   f000 0 eng d</marc:controlfield>
    <marc:datafield tag="040" ind1=" " ind2=" ">
      <marc:subfield code="a">CaOODSP</marc:subfield>
      <marc:subfield code="b">eng</marc:subfield>
      <marc:subfield code="e">rda</marc:subfield>
      <marc:subfield code="c">CaOODSP</marc:subfield>
    </marc:datafield>
    <marc:datafield tag="043" ind1=" " ind2=" ">
      <marc:subfield code="a">n-cn-yk</marc:subfield>
      <marc:subfield code="a">n-cn-nt</marc:subfield>
    </marc:datafield>
    <marc:datafield tag="086" ind1="1" ind2=" ">
      <marc:subfield code="a">En57-46/33E-PDF</marc:subfield>
    </marc:datafield>
    <marc:datafield tag="100" ind1="1" ind2=" ">
      <marc:subfield code="a">Eley, F. J., </marc:subfield>
      <marc:subfield code="e">author.</marc:subfield>
    </marc:datafield>
    <marc:datafield tag="245" ind1="1" ind2="0">
      <marc:subfield code="a">Agroclimatic capability of southern portions of the Yukon Territory and MacKenzie District, N.W.T. / </marc:subfield>
      <marc:subfield code="c">by F.J. Eley and B.F. Findlay.</marc:subfield>
    </marc:datafield>
    <marc:datafield tag="264" ind1=" " ind2="1">
      <marc:subfield code="a">Toronto : </marc:subfield>
      <marc:subfield code="b">Atmospheric Environment Service, Meteorological Applications Branch, </marc:subfield>
      <marc:subfield code="c">September 1977.</marc:subfield>
    </marc:datafield>
    <marc:datafield tag="300" ind1=" " ind2=" ">
      <marc:subfield code="a">1 online resource (224 pages in various pagings) : </marc:subfield>
      <marc:subfield code="b">maps, charts.</marc:subfield>
    </marc:datafield>
    <marc:datafield tag="336" ind1=" " ind2=" ">
      <marc:subfield code="a">text</marc:subfield>
      <marc:subfield code="b">txt</marc:subfield>
      <marc:subfield code="2">rdacontent</marc:subfield>
    </marc:datafield>
    <marc:datafield tag="337" ind1=" " ind2=" ">
      <marc:subfield code="a">computer</marc:subfield>
      <marc:subfield code="b">c</marc:subfield>
      <marc:subfield code="2">rdamedia</marc:subfield>
    </marc:datafield>
    <marc:datafield tag="338" ind1=" " ind2=" ">
      <marc:subfield code="a">online resource</marc:subfield>
      <marc:subfield code="b">cr</marc:subfield>
      <marc:subfield code="2">rdacarrier</marc:subfield>
    </marc:datafield>
    <marc:datafield tag="490" ind1="1" ind2=" ">
      <marc:subfield code="a">Project report (Canada. Meteorological Applications Branch) ; </marc:subfield>
      <marc:subfield code="v">no. 33</marc:subfield>
    </marc:datafield>
    <marc:datafield tag="500" ind1=" " ind2=" ">
      <marc:subfield code="a">Digitized edition from print [produced by Environment and Climate Change Canada].</marc:subfield>
    </marc:datafield>
    <marc:datafield tag="500" ind1=" " ind2=" ">
      <marc:subfield code="a">Cover title.</marc:subfield>
    </marc:datafield>
    <marc:datafield tag="500" ind1=" " ind2=" ">
      <marc:subfield code="a">"Prepared in the Meteorological Applications and Consultation Division, Toronto at the request of the Department of Indian and Northern Affairs, Northern Natural Resources and Environment Branch."</marc:subfield>
    </marc:datafield>
    <marc:datafield tag="504" ind1=" " ind2=" ">
      <marc:subfield code="a">Includes bibliographical references (pages 87-97).</marc:subfield>
    </marc:datafield>
    <marc:datafield tag="650" ind1=" " ind2="0">
      <marc:subfield code="a">Crops and climate</marc:subfield>
      <marc:subfield code="z">Northwest Territories</marc:subfield>
      <marc:subfield code="z">Mackenzie.</marc:subfield>
    </marc:datafield>
    <marc:datafield tag="650" ind1=" " ind2="0">
      <marc:subfield code="a">Crops and climate</marc:subfield>
      <marc:subfield code="z">Yukon.</marc:subfield>
    </marc:datafield>
    <marc:datafield tag="651" ind1=" " ind2="0">
      <marc:subfield code="a">Mackenzie (N.W.T.)</marc:subfield>
      <marc:subfield code="x">Climate.</marc:subfield>
    </marc:datafield>
    <marc:datafield tag="651" ind1=" " ind2="0">
      <marc:subfield code="a">Yukon</marc:subfield>
      <marc:subfield code="x">Climate.</marc:subfield>
    </marc:datafield>
    <marc:datafield tag="651" ind1=" " ind2="6">
      <marc:subfield code="a">Mackenzie (T.N.-O.)</marc:subfield>
      <marc:subfield code="x">Climat.</marc:subfield>
    </marc:datafield>
    <marc:datafield tag="651" ind1=" " ind2="6">
      <marc:subfield code="a">Yukon</marc:subfield>
      <marc:subfield code="x">Climat.</marc:subfield>
    </marc:datafield>
    <marc:datafield tag="710" ind1="1" ind2=" ">
      <marc:subfield code="a">Canada. </marc:subfield>
      <marc:subfield code="b">Meteorological Applications Branch. </marc:subfield>
      <marc:subfield code="b">Applications and Consultation Division, </marc:subfield>
      <marc:subfield code="e">issuing body.</marc:subfield>
    </marc:datafield>
    <marc:datafield tag="710" ind1="1" ind2=" ">
      <marc:subfield code="a">Canada.</marc:subfield>
      <marc:subfield code="b">Indian and Northern Affairs, </marc:subfield>
      <marc:subfield code="e">issuing body.</marc:subfield>
    </marc:datafield>
    <marc:datafield tag="710" ind1="1" ind2=" ">
      <marc:subfield code="a">Canada. </marc:subfield>
      <marc:subfield code="b">Atmospheric Environment Service, </marc:subfield>
      <marc:subfield code="e">issuing body.</marc:subfield>
    </marc:datafield>
    <marc:datafield tag="830" ind1="#" ind2="0">
      <marc:subfield code="a">Project report (Canada. Meteorological Applications Branch)</marc:subfield>
      <marc:subfield code="v">no. 33.</marc:subfield>
      <marc:subfield code="w">(CaOODSP)9.883702</marc:subfield>
    </marc:datafield>
    <marc:datafield tag="856" ind1="4" ind2="0">
      <marc:subfield code="q">PDF</marc:subfield>
      <marc:subfield code="s">206,430 KB</marc:subfield>
      <marc:subfield code="u">https://publications.gc.ca/collections/collection_2025/eccc/en57/En57-46-33-eng.pdf</marc:subfield>
    </marc:datafield>
  </marc:record>
</marc:collection>
